Europees Parlementsverkiezingen Nederland 2024 - Statistieken

Algemene statistieken
  • Deze quiz is 13 keer genomen
  • De gemiddelde score is 16 van 20
Antwoordstatistieken
Partij % Correct
BBB
100%
D66
100%
GROENLINKS / Partij van de Arbeid (PvdA)
100%
VVD
100%
CDA - Europese Volkspartij
92%
ChristenUnie
92%
JA21
92%
PVV (Partij voor de Vrijheid)
92%
SP (Socialistische Partij)
92%
Staatkundig Gereformeerde Partij (SGP)
92%
Forum voor Democratie
83%
NSC
83%
Partij voor de Dieren
83%
Volt Nederland
83%
50PLUS
67%
NL PLAN EU
67%
Piratenpartij - De Groenen
67%
Belang Van Nederland (BVNL)
50%
Meer Directe Democratie
42%
vandeRegio
25%
Geen overeenkomende quizzen gevonden
Scoreverdeling
Procent van Mensen met Elke Score
Percentiel versus Aantal Correcte Antwoorden
Uw Scoregeschiedenis
U heeft deze quiz nog niet genomen